| 000 | 00431nam a2200109Ia 4500 | ||
|---|---|---|---|
| 008 | 171204s9999 xx 000 0 und d | ||
| 245 | 2 | _aA Girl's Childhood: Psychological Development, Social Change, and The Yale Child Study Cente: | |
| 245 | _cLinda C. Mayes and Stephen Lassonde | ||
| 260 | _c2014 | ||
| 650 | _xSPED 4-5 Observational Child Study | ||
| 856 | _uhttp://down.ebook777.com/026/AGirChiPsyDevSocChaAndTheYalChiStuCen.pdf | ||
| 999 |
_c346606 _d346606 |
||